000 00921nam a2200241 a 4500
001 000043752
005 20230331073627.0
008 140422s2013 dr 001 0 spa d
020 _a9789993444671
040 _aDO-SdBNP
_bspa
_cBNPHU
082 _a344.729301
_aH557m, 2013
100 _aHernández Rueda, Lupo,
_d1930-2017
_923790
245 1 0 _aManual de derecho del trabajo /
_cLupo Hernández Rueda ; edición Héctor Bdo. Guzmán.
250 _a12a ed.
260 _aMoca, República Dominicana :
_bDalis,
_c2013.
300 _axxxii, 788 p. ;
_c24 cm.
500 _aIncluye referencias bibliográficas y notas al pie de las páginas
590 _aInventariado,2018/DG
650 4 _aDerecho laboral
_zRepública Dominicana
_vMANUALES
_916403
650 4 _aLegislación laboral
_zRepública Dominicana
_vMANUALES
_916404
700 1 2 _aGuzmán, Héctor Bdo.
_eed.
_971585
910 _aValidado. Control de calidad MFF
999 _c43241
_d43241